Fr. Conceicao Rodrigues College of Engineering

Concrete and Reinforced Concretes Deterioration & Protection (Record no. 19135)

MARC details
000 -LEADER
fixed length control field 00357nam a2200133Ia 4500
082 ## - DEWEY DECIMAL CLASSIFICATION NUMBER
Classification number 624.1834
100 ## - MAIN ENTRY--PERSONAL NAME
Personal name Moskvin/ V. & others
245 ## - TITLE STATEMENT
Title Concrete and Reinforced Concretes Deterioration & Protection
260 ## - PUBLICATION, DISTRIBUTION, ETC.
Name of publisher, distributor, etc. Mir Publishers
Place of publication, distribution, etc. Moscow
Date of publication, distribution, etc. 1983
300 ## - PHYSICAL DESCRIPTION
Extent 399
546 ## - LANGUAGE NOTE
Language note ENGLISH
654 ## - SUBJECT ADDED ENTRY--FACETED TOPICAL TERMS
Focus term Concretes Deterioration & Protection
942 ## - ADDED ENTRY ELEMENTS (KOHA)
Koha item type BOOK
Holdings
Withdrawn status Lost status Damaged status Not for loan Collection Home library Current library Shelving location Date acquired Source of acquisition Cost, normal purchase price Inventory number Total Checkouts Full call number Barcode Date last seen Cost, replacement price Price effective from Koha item type
        AFT Fr. Agnel's C.Rodrigues College of Engineering Fr. Agnel's C.Rodrigues College of Engineering   17/03/2023 Crown Book House 17.00 84   624.1834 AFT3581 17/03/2023 17.00 17/03/2023 BOOK